Quizzes
Events
Quiz Creation
Community
Videos
Private Events
Remove Ads
Sign In
Join for FREE
Feedback
Dark Mode
Quiz Categories
Sports
Geography
Music
Movies
Television
Just For Fun
Miscellaneous
History
Literature
Language
Science
Gaming
Entertainment
Religion
Holiday
For Kids
Quiz Lab
Recent
Popular Today
Quiz Kudos Today
Editor Picks
Curator Picks
Quizzes by...
Day
Popularity
Type
Ratings
Length
Year
Community
Subscriptions
Recent Discussions
Orange Saloon
Badges
Playlists
Quests
Create
Leaderboards
Showdown
Live 5
Trivia Bingo
Activity
Puzzle Library
Sporcle Events
Private Events
Virtual Trivia
Globe League
Become a Host
Pub Owners
SporcleCon
Opinionation
Our Games
Videos
Blog
Mobile Apps
Partnerships
Remove Ads and Go Orange
Feedback
Sports
Athletes
MLB
NBA
NHL
NFL
Soccer
Sports Teams
WWE
NCAA
Football
Premier League
Basketball
Baseball
Hockey
Golf
Tennis
Cricket
Rugby
Auto Racing
Olympics
World Cup
Sports
Athletes
MLB
NBA
NHL
NFL
Soccer
Sports Teams
WWE
NCAA
Football
Premier League
Basketball
Baseball
Hockey
Golf
Tennis
Cricket
Rugby
Auto Racing
Olympics
World Cup
Random Quiz
Search Sporcle
×
Quiz Lab
Quiz Lab
Sports
Soccer
Type in answers that appear in a list
Type in answers that appear in a list
Classic
Best Score? Go Orange.
CONCACAF Gold Cup Top 4 All Time Stats
Can you name the top four finishers in each CONCACAF Gold Cup?
By
stewart1_matt
3m
48 Questions
492 Plays
492 Plays
492 Plays
Comments
Comments
Give Quiz Kudos
Give Quiz Kudos
-
- Ratings
hide this ad
More Info
Replay
Link that replays current quiz
Next Quiz
Link to next quiz in quiz playlist
You Got
0%
They Got
Avg Score
88%
Avg Friend Score
Upgrade to see
Score Distribution
Jump to the score distribution portion of the page
Score
0/48
Timer
03:00
0
Plays Today
Hint
Answer
% Correct
1991
Mexico
99.6%
1993
Mexico
99.6%
1996
Mexico
99.6%
1998
Mexico
99.6%
2003
Mexico
99.6%
2007
Mexico
99.6%
2009
Mexico
99.6%
2011
Mexico
99.6%
2013
Mexico
99.6%
1991
United States
99.2%
1993
United States
99.2%
1996
United States
99.2%
1998
United States
99.2%
2002
United States
99.2%
2003
United States
99.2%
2005
United States
99.2%
2007
United States
99.2%
2009
United States
99.2%
2011
United States
99.2%
2013
United States
99.2%
2000
Canada
96.3%
2002
Canada
96.3%
2007
Canada
96.3%
1991
Honduras
96.1%
Hint
Answer
% Correct
2005
Honduras
96.1%
2009
Honduras
96.1%
2011
Honduras
96.1%
2013
Honduras
96.1%
1991
Costa Rica
95.1%
1993
Costa Rica
95.1%
2002
Costa Rica
95.1%
2003
Costa Rica
95.1%
2009
Costa Rica
95.1%
1993
Jamaica
91.7%
1998
Jamaica
91.7%
2005
Panama
91.5%
2011
Panama
91.5%
2013
Panama
91.5%
2000
Trinidad and Tobago
80.5%
1996
Guatemala
74.2%
1996
Brazil
61.6%
1998
Brazil
61.6%
2003
Brazil
61.6%
2000
Colombia
53%
2005
Colombia
53%
2000
Peru
40.4%
2002
South Korea
27.4%
2007
Guadeloupe
20.7%
Quiz Playlist
Details
Report
Send in Message
Add To Playlist
More Info:
From 1991 to 2013, the period of time when the CONCACAF regional tournament became known as Copa Oro or Gold Cup.
Classic:
Type in answers that appear in a list
Last Updated: Feb 16, 2017
Quiz Scoreboard
CHALLENGE
Sign Up to Join the Scoreboard
Show All
Scores
Hide
Comments
May contain spoilers
Recently Published
9x9 Crossword: Cartoon Network
by jackfrog10
Miscellaneous
3m
College Basketball Coaching Resumes
by pancakes188
Sports
9m
Billboard Blitz: Fleetwood Mac
by CooCooCachoo
Music
15s
More to Explore
Quiz From the Vault
Featured Blog Post
Where Did the Easter Bunny Come From?
hide this ad
You Might Also Like...
Tags
Soccer Quiz
Association Football
concacaf
CONCACAF Gold Cup
Mexico
USA Soccer
Today's Top Quizzes in Sports
Browse Sports
hide this ad
Today's Top Quizzes in Soccer
Browse Soccer
Top Contributed Quizzes in Sports
1
2022 World Cup Stars
2
Les meilleurs buteurs des matchs entre le PSG et l’OM
3
FIFA Club World Cup Champions
4
Les entraîneurs de l'OM et du PSG au 21e siècle
5
Criteria MLB: Left Handed Sluggers
6
AFC Teams Reveal (Wrong Answers Minefield)
7
2023 MLB Unique Player Accomplishments
8
5-to-1: FBS Animal Nicknames
9
Players with Multiple 50 Home Run Seasons
10
5-to-1: UK Sports Teams
Explore More
Trending Topics
Marvel
Disney
Anime
Harry Potter
NBA
Crossword
Kpop
The Office
WWE
Puzzle
Pokémon
Song
NFL
Soccer
Country
hide this ad
More By:
stewart1_matt
Quiz
Plays
Rating
Category
Featured
Created
WrestleMania Title Match Endings
7,121
4.10
Sports
Sep 22, 2013
That 70's Show Typing Challenge
4,589
4.19
Television
Sep 19, 2013
Follow That Line: The Princess Bride (Part Deux!)
3,831
5.00
Movies
Oct 1, 2013
LOST Typing Challenge
609
3.75
Television
Sep 20, 2013
Scrubs Typing Challenge
572
3.40
Just For Fun
Sep 19, 2013
Go to Creator's Profile
Score Distribution
Quiz Creator Spotlight
stewart1_matt
Follow
Send a Message
Quizzes Created
-
Created Quiz Play Count
-
More By This Creator
Popular Quizzes Today
1
Find the US States - No Outlines Minefield
2
Find the Countries of Europe - No Outlines Minefield
3
The Countries of the World
4
Find the US States
5
Risky Map Clicking: Biggest States A-Z
6
US States
7
Popular People in 1961
8
Movies - When Are They Set?
More Sports Quizzes
All-NBA First Teams (1985-2023)
Quiz Lab
Trending Quizzes
Risky Map Clicking: Least Populous States A-Z
1-10 Letter G Words
1-10 Letter F Words
Risky Map Clicking: Next State Alphabetically
Adjectives in 80s TV Shows
Recently Updated
Leaping Animals
pecheneg
Reality TV Shows (A-Z)
bhenderson79
Rickey Henderson's Hall of Fame Teammates
pecheneg
Champions League XIs: Arsenal
pecheneg
Quick Pick: Celebrities in WWE's Hall of Fame
aduchscher
A-Z Keypad Blitz II
pecheneg
Multiple Oscar Actors
pecheneg
Mystery Phrase Blitz: Oscar 'Best Actors'
pecheneg
F. Scott Fitzgerald Novels
LTH
Pick 3 Villains
ddd62291
Trending Topics
Kpop
Marvel
NBA
Disney
Crossword
Anime
Harry Potter
Song
Country
The Office
Pokémon
WWE
NFL
Puzzle
Soccer
Your Account Isn't Verified!
In order to create a playlist on Sporcle, you need to verify the email address you used during registration. Go to your
Sporcle Settings
to finish the process.
Report this User
Report this user for behavior that violates our
Community Guidelines
.
Details:
Send Report
Go to the Sporcle.com Mobile Site →
Comments